| 000 | 02543nam a22002537a 4500 | ||
|---|---|---|---|
| 003 | Uzh_bibl | ||
| 008 | 260515b |||||||| |||| 00| 0 ukr d | ||
| 020 |
_a978-617-12-4741-3 _c134.00 |
||
| 040 | _bукр. | ||
| 041 |
_2eng _aukr |
||
| 080 | _a821(73) | ||
| 090 |
_a821(73) _bК 41 |
||
| 100 | _aКінг,Стівен | ||
| 245 |
_aІсторія Лізі _cпер.з англ. Віктора Шовкуна _hТекст |
||
| 260 |
_aХарків _bКнижковий Клуб"Клуб Сімейного Дозвілля" _c2019 |
||
| 300 |
_a617 с. _fВ опр. |
||
| 520 | _aСтівен Кінг — шалено популярний американський письменник, майже кожен твір котрого стає світовим бестселером. За понад 40 років його творчої діяльності світ побачили безліч романів, наклади яких давно перетнули межу в третину мільярда примірників. Кінг — володар великої кількості престижних літературних нагород і кумир численної армії шанувальників. Покійний чоловік Лізі, Скот Лендон, був відомим письменником. Іноді здавалося, що він продав душу дияволу і саме за це отримав свій надзвичайний талант. Після смерті чоловіка жінці докучають літературознавці, які будь-що прагнуть заволодіти творчими доробками Скота. Та коли жінка береться за впорядкування його творів, то розуміє, що в житті Скота було дещо жахливе, моторошне. Щось таке, із чого він черпав натхнення, за яке потім заплатив своїм життям. Ким насправді був Скот? Лізі починає блукати в лабіринті секретів минулого. Ще трохи, і знайти вихід буде неможливо… | ||
| 521 | _a16+ | ||
| 546 | _aукр. | ||
| 650 | _aЛітературно-художнє видання | ||
| 653 |
_aПисьменник _aПродаж душі _aТалант _aСмерть |
||
| 655 |
_aЖахи _vРоман |
||
| 942 |
_2udc _cBK |
||
| 999 |
_c17777 _d17777 |
||